Leia a minha mente #2 - Statistics

Estatísticas Gerais
  • Esse quiz foi jogado 69 vezes
  • A pontuação média é 5 de 15
Estatísticas das Respostas
Categoria Resposta % Correto
Tipo de programação C#
98%
Letra G
84%
Cidade brasileira Rio de Janeiro
45%
Site https://{jetpunk}.com
43%
Gênero músical Pop
43%
Arma AK-47
39%
Meio de transporte Bicicleta
36%
Jornal Globo
32%
Coisa vermelha Sangue
25%
Parte do corpo Cabelo
16%
Bebida Achocolatado
5%
Coisa que rola Cilindro
5%
Estabelecimento Hotel
4%
Palavra em inglês Answer
2%
Profissão General
2%
Nenhum quiz correspondente encontrado
Distribuição das Pontuações
Porcentagem de Pessoas com Cada Pontuação
Percentil de Números Respondidos
Sua Pontuação Histórica
Você não jogou esse quiz